MARC details
| 000 -CABECERA |
| campo de control de longitud fija |
01969nam a2200325 a 4500 |
| 001 - NÚMERO DE CONTROL |
| campo de control |
000047698 |
| 003 - IDENTIFICADOR DEL NÚMERO DE CONTROL |
| campo de control |
DO-SdBNP |
| 005 - FECHA Y HORA DE LA ÚLTIMA TRANSACCIÓN |
| campo de control |
20240725144947.0 |
| 008 - DATOS DE LONGITUD FIJA--INFORMACIÓN GENERAL |
| campo de control de longitud fija |
090713s2014 sp abc 000 0 spa d |
| 020 ## - NÚMERO INTERNACIONAL ESTÁNDAR DEL LIBRO |
| Número Internacional Estándar del Libro |
9788449450594 (obra completa) |
| 020 ## - NÚMERO INTERNACIONAL ESTÁNDAR DEL LIBRO |
| Número Internacional Estándar del Libro |
9788449450600 (v. 1) |
| 020 ## - NÚMERO INTERNACIONAL ESTÁNDAR DEL LIBRO |
| Número Internacional Estándar del Libro |
9788449450617 (v. 2) |
| 040 ## - FUENTE DE LA CATALOGACIÓN |
| Centro catalogador/agencia de origen |
DO-SdBNP |
| Lengua de catalogación |
spa |
| Centro/agencia transcriptor |
BNPHU |
| Normas de descripción |
rda |
| 082 #4 - NÚMERO DE LA CLASIFICACIÓN DECIMAL DEWEY |
| Número de clasificación |
030.97293 |
| Número de documento/Ítem |
E56r 2014 |
| Número de edición |
22 |
| 245 00 - MENCIÓN DE TÍTULO |
| Título |
Enciclopedia de la República Dominicana. |
| 264 ## - PRODUCCIÓN, PUBLICACIÓN, DISTRIBUCIÓN, FABRICACIÓN Y COPYRIGHT |
| Producción, publicación, distribución, fabricación y copyright |
Barcelona : |
| Nombre del de productor, editor, distribuidor, fabricante |
Océano, |
| Fecha de producción, publicación, distribución, fabricación o copyright |
2014. |
| 300 ## - DESCRIPCIÓN FÍSICA |
| Extensión |
2 volúmenes |
| Otras características físicas |
ilustraciones, mapas, retratos ; |
| Dimensiones |
32 cm + |
| Material acompañante/anejo |
CD-ROM |
| 336 ## - TIPO DE CONTENIDO |
| Fuente |
rdacontent |
| Término de tipo de contenido |
texto |
| Código de tipo de contenido |
txt |
| 337 ## - TIPO DE MEDIO |
| Fuente |
rdamedia |
| Nombre/término del tipo de medio |
sin mediación |
| Código del tipo de medio |
n |
| 338 ## - TIPO DE SOPORTE |
| Fuente |
rdacarrier |
| Nombre/término del tipo de soporte |
volumen |
| Código del tipo de soporte |
nc |
| 505 0# - NOTA DE CONTENIDO CON FORMATO |
| Información miscelánea |
v.1 |
| Título |
El Caribe, la isla, el país -- |
| -- |
El espacio marítimo -- |
| -- |
El territorio -- |
| -- |
Clima e hidrografía -- |
| -- |
Ecosistemas, flora y fauna -- |
| -- |
Problemas ecológicos y áreas protegidas -- |
| -- |
Geografía urbana y regional -- |
| -- |
La población -- |
| -- |
Actividades económicas -- |
| -- |
El turismo -- |
| -- |
La sociedad -- |
| -- |
División político administrativa y las provincias. |
| 505 0# - NOTA DE CONTENIDO CON FORMATO |
| Información miscelánea |
v. 2 |
| Título |
Época precolombina -- |
| -- |
Conquista y colonia -- |
| -- |
Del período francés a la Restauración -- |
| -- |
Independencia y período republicano -- |
| -- |
De la muerte de Heureaux a la actualidad -- |
| -- |
Las instituciones dominicanas -- |
| -- |
La literatura -- |
| -- |
Artes plásticas, fotografía y arquitectura -- |
| -- |
Teatro, cine, música y danza -- |
| -- |
Medios de comunicación y deportes -- |
| -- |
Tradiciones populares y gastronomía |
| -- |
Biografías -- |
| -- |
Cronología -- |
| -- |
Índice onomástico. |
| 590 ## - NOTA LOCAL (RLIN) |
| Nota local |
Inventariado, 2018/ YL |
| 650 #4 - PUNTO DE ACCESO ADICIONAL DE MATERIA--TÉRMINO DE MATERIA |
| Término de materia o nombre geográfico como elemento de entrada |
Geografía |
| Subdivisión geográfica |
República Dominicana |
| Subdivisión de forma |
Diccionarios y enciclopedias |
| 9 (RLIN) |
11252 |
| 650 #4 - PUNTO DE ACCESO ADICIONAL DE MATERIA--TÉRMINO DE MATERIA |
| Término de materia o nombre geográfico como elemento de entrada |
Economía |
| Subdivisión geográfica |
República Dominicana |
| Subdivisión de forma |
Diccionarios y enciclopedias |
| 9 (RLIN) |
11253 |
| 651 #4 - PUNTO DE ACCESO ADICIONAL DE MATERIA--NOMBRE GEOGRÁFICO |
| Nombre geográfico |
República Dominicana |
| Subdivisión de forma |
Diccionarios y enciclopedias |
| 9 (RLIN) |
11250 |
| 651 #4 - PUNTO DE ACCESO ADICIONAL DE MATERIA--NOMBRE GEOGRÁFICO |
| Nombre geográfico |
República Dominicana |
| Subdivisión general |
Historia |
| Subdivisión de forma |
Diccionarios y enciclopedias |
| 9 (RLIN) |
11251 |
| 910 ## - DATOS DE OPCIÓN DEL USUARIO (OCLC) |
| Datos de opción del usuario |
Validado. Control de Calidad/MAA |
| 942 ## - ELEMENTOS DE PUNTO DE ACCESO ADICIONAL (KOHA) |
| Fuente del sistema de clasificación o colocación |
Dewey Decimal Classification |
| Tipo de ítem Koha |
Libro |